000 00661nam a2200217Ia 4500
001 8081
003 GE_BSU
008 181216s||||||||xx |||||||||||||| ||und||
040 _cGE_BSU
080 _a62.04:72/728(075.8)
100 _aТуполев,М.С. Шкинель,А.Н. Попов,А.П. и др.
245 _aКонструкций гражданских зданий.
245 _cРед. изд-ва Т.В.Горячева.
260 _aМ.
260 _bСтройиздат.
260 _c1968.
300 _a238стр.26см.
300 _eтабл.
653 _aКонструкций гражданских зданий.
942 _cBK
999 _c41419
_d41419